| 000 | 03293cam a2200313 a 4500 | ||
|---|---|---|---|
| 003 | data | ||
| 005 | 20260322212027.0 | ||
| 008 | data | ||
| 010 | _a 2002000199 | ||
| 020 | _a0761921133 (c) | ||
| 020 | _a0761921141 (p) | ||
| 020 | _a9780761921134 (c) | ||
| 020 | _a9780761921141 (p) | ||
| 040 |
_aDLC _cDLC |
||
| 043 | _an-us--- | ||
| 049 | _aTJCC | ||
| 050 | 0 | 0 |
_aKF9325 _b.D67 2002 |
| 082 | 0 | 0 |
_a364.15/3 _221 |
| 096 | _aWM 611 D67 2002 | ||
| 100 | 1 | _aDoren, Dennis M. | |
| 245 | 1 | 0 |
_aEvaluating sex offenders : _ba manual for civil commitments and beyond / _cDennis M. Doren. |
| 260 |
_aThousand Oaks, Calif. : _bSage Publications, _cc2002. |
||
| 300 |
_axii, 243 p. ; _c26 cm. |
||
| 504 | _aIncludes bibliographical references (p. 229-236) and index. | ||
| 505 | 0 | _aRelevant Components of Sex Offender Civil Commitment Laws: The Evaluation "Referral Questions" -- The Relevant Statutes -- Different Types of Assessments -- Who Is Allowed to Do These Evaluations -- The Overall Criteria for Commitment -- The Issue of Lesser Restrictive Alternatives -- Procedures for Conducting the Assessment -- National Standards -- Standard Procedures for Gathering Information -- Ethical Considerations -- Diagnostic Issues Within Sex Offender Civil Commitment Assessments: Defining Relevant Paraphilias -- Defending the Labels We Use -- Why Diagnose at All? -- DSM-IV Definitional Problems for Paraphilia -- Paraphilia, Not Otherwise Specified, Nonconsent -- Other Relevant Types of Paraphilia NOS -- Thresholds for Diagnosing a Paraphilia -- The Descriptive Language We Use -- Diagnostic Issues Within Sex Offender Civil Commitment Assessments: Diagnostic Issues Beyond the Paraphilias -- Nonparaphiliac Diagnoses Common in Sex Offender Civil Commitment Assessments -- Differentiations Among Commonly Diagnosed Disorders -- Drawing the Predisposition Nexus -- Using Risk Assessment Instrumentation -- The Overall Risk Assessment Methodological Choice -- Comparing the Accuracy of Differing Methodologies -- Selecting What Instruments to Use -- Interpreting Actuarial Instrument Results -- Recidivism Base Rates -- What Do We Know About the Sexual Recidivism Base Rate? -- Why Base Rates Matter -- For Which Sex Offenders Do Base Rates Matter? -- Clinical Adjustments -- Defining Proper Adjustments -- The Theoretical Basis for Clinical Adjustments -- Adjustments Based on Risk Factors -- Adjustments Based on Protective Factors -- Assessing Beyond the Actuarial Scheme -- Evaluator Bias -- The Evaluation Report and Court Testimony -- The Evaluation Report -- Testifying About Evaluation Findings -- Ethical Issues -- Procedural Concerns -- Communication Concerns -- Relapse Prevention Interview -- Basic Principles of Scoring -- Relapse Prevention Interview Score Sheet -- Templates for Segments of Precommitment Forms and Reports -- Informed Consent Form -- Diagnostic Segment -- Actuarial Instrument Time and Legal Status Limitations Template -- Sample Precommitment Evaluation Report -- State Statute # Evaluation -- Templates for Segments of Reexamination (Postcommitment) Evaluation Report -- Treatment Benefit Template -- Template for Risk Management Segment. | |
| 650 | 0 |
_aSex offenders _zUnited States. |
|
| 650 | 0 |
_aInsane _xCommitment and detention _zUnited States. |
|
| 001 | data | ||
| 999 |
_c612 _d612 |
||